00357nam a2200133Ia 4500003000400000008004100004020002600045040000800071100002000079245007200099260002800171300001300199365001100212LDD181029s9999 xx 000 0 und d a9788189013806c595.00 cLDD aWelchaman, Lynn 0aHonourbcrimes paradigms and violence against womancLynn Welchaman aNew DelhibZubaanc2006 axiv, 384 b595.00